000
00302nam a22001337a 4500
008
181015b xxu||||| |||| 00| 0 eng d
020
_a
0882297783
041
_a
eng
080
_a
940
100
_a
16
101
_a
SHH
245
_a
Popular culture and American life
_c
Laforse,M.W
942
_2
udc
_c
BK
999
_c
49701
_d
49701